[Event "Colmenarejo Autumn op"]
[Site "Colmenarejo"]
[Date "2016.10.30"]
[Round "6"]
[White "Criado Riesgo, Manuel"]
[Black "Melcon Diez, Enrique"]
[Result "1/2-1/2"]
[WhiteElo "1642"]
[BlackElo "1641"]
[PlyCount "127"]
[EventDate "2016.09.25"]
[EventType "swiss"]
[EventRounds "7"]
[EventCountry "ESP"]
[SourceTitle "EXT 2019"]
[Source "ChessBase"]
[SourceDate "2018.10.10"]
[SourceVersion "1"]
[SourceVersionDate "2018.10.10"]
[SourceQuality "1"]

1. d4 Nf6 2. c4 c5 3. d5 b5 4. cxb5 a6 5. b6 Bb7 6. Nc3 e6 7. e4 exd5 8. exd5 d6 9. Nf3 Nbd7 10. Be2 Nxb6 11. Bg5 Be7 12. Bxf6 Bxf6 13. Qb3 Bxc3+ 14. bxc3 Bxd5 15. c4 Be6 16. 0-0 0-0 17. Rfd1 Rb8 18. Qc2 Qf6 19. Rac1 Rfd8 20. Nd2 d5 21. cxd5 Rxd5 22. Nb3 Bf5 23. Qc3 Rxd1+ 24. Bxd1 Re8 25. Kf1 Qxc3 26. Rxc3 c4 27. Nd4 Rd8 28. Nxf5 Rxd1+ 29. Ke2 Rb1 30. Ra3 Rb5 31. Ne3 a5 32. Kd2 f6 33. Kc3 Kf7 34. Kd4 Ke6 35. Nxc4 Rb4 36. Rc3 Ra4 37. a3 Nxc4 38. Rxc4 Rxa3 39. Rc6+ Kf7 40. Rc2 a4 41. Kc4 Rb3 42. Ra2 g5 43. Kc5 a3 44. Kc4 Rb2 45. Rxa3 Rxf2 46. Rg3 h5 47. Kd3 h4 48. Rg4 Kg6 49. Ke3 Ra2 50. h3 f5 51. Rd4 Rxg2 52. Rd6+ Kh5 53. Rd5 f4+ 54. Ke4 Rg3 55. Kf5 Rxh3 56. Rd8 Kh6 57. Kf6 Kh5 58. Kf5 Kh6 59. Kf6 Kh7 60. Kxg5 f3 61. Rf8 Rh1 62. Rxf3 h3 63. Kg4 h2 64. Kg3 1/2-1/2

[Event "Collado Villalba op-B 32nd"]
[Site "Collado Villalba"]
[Date "2015.08.28"]
[Round "7"]
[White "Criado Riesgo, Manuel"]
[Black "Fernandez Rios, Jose Francisco"]
[Result "1-0"]
[WhiteElo "1535"]
[BlackElo "1782"]
[PlyCount "91"]
[EventDate "2015.08.22"]
[EventType "swiss"]
[EventRounds "9"]
[EventCountry "ESP"]
[SourceTitle "EXT 2016"]
[Source "ChessBase"]
[SourceDate "2015.10.08"]
[SourceVersion "1"]
[SourceVersionDate "2015.10.08"]
[SourceQuality "1"]

1. d4 Nf6 2. c4 e6 3. Nc3 Bb4 4. Bd2 Nc6 5. a3 Bxc3 6. Bxc3 Ne4 7. Qc2 Nxc3 8. bxc3 d6 9. e4 e5 10. d5 Nb8 11. Bd3 Nd7 12. Ne2 Nc5 13. 0-0 Qg5 14. f4 exf4 15. Nxf4 h5 16. Qf2 Qe5 17. Rac1 Bd7 18. Bc2 0-0-0 19. Nd3 Qe7 20. Nxc5 dxc5 21. Qxf7 Qe5 22. Qf3 Bg4 23. Qe3 Rhf8 24. Rxf8 Rxf8 25. h3 Bd7 26. Rf1 Rxf1+ 27. Kxf1 b6 28. Qf3 Kb7 29. Kf2 Qg5 30. Qe3 Qf6+ 31. Qf3 Qg5 32. Qe3 Qf6+ 33. Ke1 Qe5 34. Kd2 g5 35. Bd1 g4 36. hxg4 Bxg4 37. Bxg4 hxg4 38. g3 Qh5 39. e5 Qh2+ 40. Kd3 Qb2 41. e6 Qb1+ 42. Ke2 Qc2+ 43. Kf1 Qd1+ 44. Kf2 Qc2+ 45. Qe2 Qf5+ 46. Kg2 1-0

[Event "Collado Villalba op-B 32nd"]
[Site "Collado Villalba"]
[Date "2015.08.27"]
[Round "6"]
[White "Barranco Martinez, Gabriel"]
[Black "Criado Riesgo, Manuel"]
[Result "1/2-1/2"]
[WhiteElo "1784"]
[BlackElo "1535"]
[PlyCount "56"]
[EventDate "2015.08.22"]
[EventType "swiss"]
[EventRounds "9"]
[EventCountry "ESP"]
[SourceTitle "EXT 2016"]
[Source "ChessBase"]
[SourceDate "2015.10.08"]
[SourceVersion "1"]
[SourceVersionDate "2015.10.08"]
[SourceQuality "1"]

1. d4 d5 2. c4 Bf5 3. Nc3 e6 4. Nf3 Nf6 5. e3 Bb4 6. Bd2 c5 7. cxd5 exd5 8. Qa4+ Bd7 9. Qc2 Bxc3 10. Bxc3 c4 11. Be2 Nc6 12. 0-0 Ne4 13. Be1 0-0 14. Bxc4 Bf5 15. Bd3 Rc8 16. Qb3 Qd7 17. Bxe4 Bxe4 18. Nh4 h6 19. f4 g5 20. fxg5 hxg5 21. Nf3 f6 22. Qd1 Kg7 23. Bg3 Ne7 24. Nxg5 fxg5 25. Qh5 Nc6 26. Qxg5+ Kh7 27. Qh5+ Kg7 28. Qg5+ Kh7 1/2-1/2

[Event "Collado Villalba op-B 32nd"]
[Site "Collado Villalba"]
[Date "2015.08.26"]
[Round "5"]
[White "Criado Riesgo, Manuel"]
[Black "Romero Fite, Miguel"]
[Result "1-0"]
[WhiteElo "1535"]
[BlackElo "1733"]
[PlyCount "127"]
[EventDate "2015.08.22"]
[EventType "swiss"]
[EventRounds "9"]
[EventCountry "ESP"]
[SourceTitle "EXT 2016"]
[Source "ChessBase"]
[SourceDate "2015.10.08"]
[SourceVersion "1"]
[SourceVersionDate "2015.10.08"]
[SourceQuality "1"]

1. d4 Nf6 2. c4 g6 3. Nc3 Bg7 4. Nf3 0-0 5. Bd2 d6 6. Qc1 Re8 7. e4 e5 8. d5 a5 9. Bd3 Na6 10. a3 Nc5 11. Bc2 a4 12. Qd1 Bd7 13. Be3 Ra5 14. Bxc5 Rxc5 15. Bd3 Ra5 16. Bc2 Qa8 17. Bd3 Re7 18. 0-0 Nh5 19. Ne2 Bh6 20. Ng3 Nf4 21. Be2 f5 22. exf5 gxf5 23. Nh4 Qf8 24. Bd3 e4 25. Bc2 Qf6 26. Nh5 Qxh4 27. Nxf4 Qxf4 28. Qe1 Qe5 29. Qxa5 Qxb2 30. Bxa4 Bxa4 31. Qxa4 Qe5 32. Qd1 e3 33. fxe3 Bxe3+ 34. Kh1 Rg7 35. Qf3 f4 36. g3 Qb2 37. Qe4 h6 38. Rab1 Qe2 39. Qf3 Qc2 40. Rbe1 fxg3 41. hxg3 Bg5 42. Qf8+ Kh7 43. Qf5+ Qxf5 44. Rxf5 Kg6 45. g4 h5 46. Re6+ Kh7 47. gxh5 Bc1 48. a4 Bd2 49. Ref6 Bc3 50. Rf7 Ba5 51. Rxg7+ Kxg7 52. Kg2 Bd2 53. Kf3 Bh6 54. Kg4 Be3 55. Rf3 Bd2 56. Rb3 b6 57. Kf5 Kh6 58. Rh3 Bb4 59. Ke6 Ba5 60. Kd7 Bb4 61. Kxc7 Bc5 62. Kc6 Kh7 63. h6 Kh8 64. h7 1-0

[Event "Villalba op 3rd"]
[Site "Villalba"]
[Date "2015.08.15"]
[Round "8"]
[White "Criado Riesgo, Manuel"]
[Black "Del Olmo Linares, Marco"]
[Result "1-0"]
[WhiteElo "1535"]
[BlackElo "1409"]
[PlyCount "101"]
[EventDate "2015.08.09"]
[EventType "swiss"]
[EventRounds "9"]
[EventCountry "ESP"]
[SourceTitle "EXT 2024"]
[Source "ChessBase"]
[SourceDate "2023.10.10"]
[SourceVersion "1"]
[SourceVersionDate "2023.10.10"]
[SourceQuality "1"]

1. d4 e5 2. d5 d6 3. c4 c6 4. Nc3 Nf6 5. e4 Be7 6. Bd3 0-0 7. Nge2 Bg4 8. f3 Bh5 9. 0-0 Qb6+ 10. Kh1 Nbd7 11. Rb1 a5 12. Ng3 Qd8 13. Qc2 Nb6 14. f4 exf4 15. Bxf4 Bg6 16. Be3 Ng4 17. Bg1 Bh4 18. Nf5 Bxf5 19. Rxf5 g6 20. Rf4 Qg5 21. Rxg4 Qxg4 22. Bxb6 c5 23. Nb5 Ra6 24. Bc7 Be7 25. Re1 f6 26. Be2 Qh4 27. g3 Qh3 28. Bf3 Rc8 29. Qe2 h5 30. g4 Kg7 31. gxh5 Rh8 32. Qg2 Qxg2+ 33. Kxg2 gxh5 34. Kh3 Kh6 35. Rg1 a4 36. Be2 Rf8 37. Bd3 Raa8 38. Nxd6 Bxd6 39. Bxd6 Rfc8 40. Bf4+ Kh7 41. e5+ Kh8 42. e6 a3 43. b3 Rg8 44. Rxg8+ Rxg8 45. e7 Kg7 46. d6 Kf7 47. Be4 Rg4 48. Bd5+ Ke8 49. Bg3 b6 50. Bc6+ Kf7 51. e8Q+ 1-0